Language Quiz

Random Language Quiz

¿Pretérito o Imperfecto? Quiz Stats

 Plays Quiz not verified by Sporcle

Score 0/20 Timer 03:00
0 Plays Today
Hint Answer % Correct
Ongoing actionsimperfecto
95.8%
timeimperfecto
95.8%
a series of actionspreterito
93.8%
specific actionpreterito
89.6%
interrupting actionpreterito
89.6%
Tener – Yo forma – Imperfecto tenía
79.2%
Ser – Usted forma – Pretérito fue
79.2%
Ir – Ustedes forma – Imperfectoiban
68.8%
trabajabaimperfecto
66.7%
hizopreterito
64.6%
Hint Answer % Correct
pidieronpreterito
64.6%
Ver – Nosotros forma – Imperfectoveíamos
62.5%
dipreterito
62.5%
eraimperfecto
62.5%
Comer – Yo forma – Pretérito comí
60.4%
no querer=refusepreterito
54.2%
poder=succeededpreterito
54.2%
conocer=knewimperfecto
47.9%
tener=got/receivedpreterito
47.9%
saber=found outpreterito
45.8%

You're not logged in!

Compare scores with friends on all Sporcle quizzes.
OR
Log In

Show Comments

Extras

Created Mar 16, 2014ReportNominate

Top Quizzes Today


Score Distribution

Your Account Isn't Verified!

In order to create a playlist on Sporcle, you need to verify the email address you used during registration. Go to your Sporcle Settings to finish the process.

Report this User

Report this user for behavior that violates our Community Guidelines.

Details: